| 000 | 00598nac a22001931u 4500 | ||
|---|---|---|---|
| 010 | _a 86009130 | ||
| 020 | _a0442291116 | ||
| 082 | 0 | 0 |
_a624.17 _bVOS |
| 090 |
_c7344 _d7344 |
||
| 100 | _aVossoughi, Jafar. | ||
| 245 | 1 | 0 |
_aStatics for architects / _cJafar Vossoughi. |
| 260 |
_aNew York : _bVan Nostrand Reinhold,1986 _cc1986. |
||
| 300 |
_axiii, 358 p. : _bill. ; _c24 cm. |
||
| 500 | _aIncludes index. | ||
| 500 | _adistributer: Al-Ahram | ||
| 511 | _acatalogued by: wessam | ||
| 650 | 0 | _aStructural analysis (Engineering) | |
| 942 |
_cBB _k624.17VOS |
||
| 999 |
_c7344 _d7344 |
||